| 000 | 01716nam a22002297a 4500 | ||
|---|---|---|---|
| 999 |
_c60369 _d60369 |
||
| 003 | Ge_BSU | ||
| 005 | 20230706105744.0 | ||
| 008 | 230706s2007ge xxu||||| |||| 00| 0 geo d | ||
| 020 | _a9789994031887 | ||
| 041 | _ageo | ||
| 080 | _a811.353-115 გ-70 | ||
| 100 |
_aგორდეზიანი, რისმაგ, ავტორი _919086 |
||
| 245 |
_aMediterranea-Kartvelica = მედიტერანულ-ქართველური მიმართებები. _b [ტ.] 2, წინაბერძნული / _cრისმაგ გორდეზიანი. |
||
| 264 |
_aთბილისი : _bლოგოსი, _c2007. |
||
| 300 |
_a458 გვ.: _b20 სმ. |
||
| 440 |
_aპროგრამა "ლოგოსი" : პუბლიკაციები და ღონისძიებები კლასიკური ფილოლოგიის, ბიზანტინისტიკისა და ნეოგრეცისტიკის სფეროში _n _93642 |
||
| 504 | _aბიბლიოგრაფია ტექსტის შენიშვნებში. | ||
| 653 | _aქართველური ენები. წინაბერძნული ენები | ||
| 653 | _aწინაბერძნულ-ქართველური ენობრივი შეხვედრები. | ||
| 710 |
_aთბილისი სახელმწიფო უნივერსიტეტი. კლასიკური ფილოლოგიის, ბიზანტინისტიკისა და ნეოგრეცისტიკის ინსტიტუტი. _919176 |
||
| 942 |
_2udc _cBK |
||